000 00462nam a2200157Ia 4500
003 IQ-KOUCL
041 _aArabic
082 _a210,72 cut-84 ب
100 _a20260118u\\\\\\\\\\\y0engy0103\\\\ba
100 _aلابن قيم الجوزيه
245 0 _aالجواب الكافي المسمى الداء والدواء
250 _aط1
260 _bجمعية احياء التراث الاسلامي
_aالكويت
_c2022
300 _a320
942 _cBk
999 _c186337
_d186337